000
00345nam a22001457a 4500
008
210528b ||||| |||| 00| 0 eng d
020
_a
1880157519
041
_a
eng
080
_a
781
082
_a
781
100
_a
45
101
_a
MUZ
245
_a
Functional Hearing A Contextual Method for Ear Training
_c
Gottschalk,A
942
_2
udc
_c
BK
999
_c
57799
_d
57799